Finanzmathematik Zinseszins-, Renten-, Tilgungs-, Kurs- und Rentabilitätsrechnung

Enregistré dans:
Détails bibliographiques
Auteur principal: Kosiol, Erich
Format: Livre
Langue:allemand
Publié: Wiesbaden Gabler 1982
Édition:10. überarb. und erw. Aufl.
Sujets:
Tags: Ajouter un tag
Pas de tags, Soyez le premier à ajouter un tag!

MARC

LEADER 00000nam a2200000 4500
001 c000092
005 20221221074557.5
020 |a 3-409-30201-8 
041 0 |a ger 
044 |a DE 
245 1 0 |a Finanzmathematik  |b Zinseszins-, Renten-, Tilgungs-, Kurs- und Rentabilitätsrechnung  |c Erich Kosiol 
250 |a 10. überarb. und erw. Aufl. 
264 1 |a Wiesbaden  |b Gabler  |c 1982 
300 |a 217 s. 
610 2 0 |a matematika aplikovaná 
610 2 0 |a metódy matematické 
610 2 0 |a financie 
610 2 0 |a úrok 
610 2 0 |a renta 
610 2 0 |a amortizácia 
610 2 0 |a kurzy 
610 2 0 |a rentabilita 
610 2 0 |a anuita 
610 2 0 |a dlhy 
610 2 0 |a pôžičky 
610 2 0 |a úver 
100 1 |a Kosiol, Erich